00349nam a2200145Ia 4500008004100000020001500041041001200056082001600068100001400084245003400098260003200132300000800164650001400172700001700186221030s9999 xx 000 0 und d a8185015619 aEnglish a105.23bAho aA. V. Aho 0aPrinciples of Compiler Design bNarosa PubaNew Delhic2002 a612 aComputers aJ. D. Ullman